000 00485nmm a2200157Ia 4500
008 251105s9999||||xx |||||||||||||||||und||
020 _a9788492511358
041 _aeng
100 _aRicard Zapata-Barrero y Anne R. van Ewijk
245 0 _aSpheres of diversities: From concept to policy
264 _a[Madrid, España] :
_bCIDOB,
_c2011
300 _a180 páginas
650 _aPolitical Science (General)
856 _uhttps://public.digitaliapublishing.com/a/19625
942 _cCF
999 _c88863
_d88863